01964nam a2200289 a 4500008004100000020001500041050001500056100002400071245005700095250001200152260003200164300002100196350000900217500002200226650001100248650002100259650001300280995018000293995016300473995017400636995018000810995016200990995016201152995018001314995016301494999001701657090709s2007 ||||||||||||||||| || u a007304685X aRA 781 Pre aPrentice, William E10aGet fit, stay fit. (4th ed.)cby William E. Prentice a4th ed. aNew YorkbMcGraw-Hillc2007 a281 [24]p.: ill. a0.00 aIncludes appendix aHEALTH aPHYSICAL FITNESS aEXERCISE aMICHAEL CHILUFYA SATA OPEN ACCESSe902982FCBU-SCHOOL OF MEDICINE LIBRARY (Ndola)I0.00jRA 781 PreM5UAVAILABLEWApr 30, 2015y902982ZMedical Library Open Access Collection aMAIN LIBRARY OPEN ACCESSD0.00e740277FCBU-MAIN LIBRARY (Kitwe)H1I0.00jRA 781 PreM1UAVAILABLEWAug 26, 2009y740277ZMain Library Open Access Collection aMEDICAL LIBRARY OPEN ACCESSe902983FCBU-SCHOOL OF MEDICINE LIBRARY (Ndola)I0.00jRA 781 PreM6UAVAILABLEWApr 30, 2015y902983ZMedical Library Open Access Collection aMICHAEL CHILUFYA SATA OPEN ACCESSe902984FCBU-SCHOOL OF MEDICINE LIBRARY (Ndola)I0.00jRA 781 PreM7UAVAILABLEWApr 30, 2015y902984ZMedical Library Open Access Collection aANNEX COLLECTION (Main Library)D0.00e740278FCBU-MAIN LIBRARY (Kitwe)H1I0.00jRA 781 PreM2UAVAILABLEWAug 26, 2009y740278ZAnnex Low-Usage Collection  aANNEX COLLECTION (Main Library)D0.00e740280FCBU-MAIN LIBRARY (Kitwe)H1I0.00jRA 781 PreM4UAVAILABLEWAug 26, 2009y740280ZAnnex Low-Usage Collection  aMICHAEL CHILUFYA SATA OPEN ACCESSe902985FCBU-SCHOOL OF MEDICINE LIBRARY (Ndola)I0.00jRA 781 PreM8UAVAILABLEWApr 30, 2015y902985ZMedical Library Open Access Collection aMAIN LIBRARY OPEN ACCESSD0.00e740279FCBU-MAIN LIBRARY (Kitwe)H1I0.00jRA 781 PreM3UAVAILABLEWAug 26, 2009y740279ZMain Library Open Access Collection c75895d75895